00395 2200169 4500245003700000020002200037250001700059100001400076700001500090650001600105005001900121260003200140041001400172084000800186300002200194336000900216 aDrunken MonstercPidi BaiqhText a978-602-7870-67-3 aEd. 3 Cet. 6 aPidi Baiq aDoel Wahab aNovel Fiksi a20230124104557 aBandungbPastel Booksc2016 aIndonesia a813 a292 hlm. :cilus. atext